[Event "Valdivia op 2nd"]
[Site "Valdivia"]
[Date "2021.09.19"]
[Round "5"]
[White "Reyes Mendoza, Marcelo"]
[Black "Jaque Gutierrez, Matias"]
[Result "1/2-1/2"]
[WhiteElo "1919"]
[BlackElo "2019"]
[PlyCount "170"]
[EventDate "2021.09.16"]
[EventType "swiss"]
[EventRounds "6"]
[EventCountry "CHI"]
[SourceTitle "CBM 204 Extra"]
[Source "ChessBase"]
[SourceDate "2021.11.30"]
[SourceVersion "1"]
[SourceVersionDate "2021.11.30"]
[SourceQuality "1"]

1. d4 d5 2. Bf4 Nf6 3. e3 c5 4. c3 Nc6 5. Nd2 Bf5 6. Qb3 Qd7 7. Ngf3 c4 8. Qd1 e6 9. Nh4 Be4 10. Nxe4 Nxe4 11. Nf3 Be7 12. h4 b5 13. Nd2 Nxd2 14. Qxd2 b4 15. e4 a5 16. exd5 exd5 17. g3 Qe6+ 18. Be2 Qe4 19. 0-0 0-0 20. Rfe1 Qf5 21. Qd1 Qd7 22. Bg4 Qd8 23. Qa4 Na7 24. Bf3 Bf6 25. Re2 Nc8 26. Rae1 Ne7 27. Be5 Bxe5 28. Rxe5 Ng6 29. Rxd5 Qf6 30. Bg2 bxc3 31. bxc3 Rab8 32. Rb5 Rbe8 33. Rbb1 Ne7 34. Qxc4 Nf5 35. Rxe8 Rxe8 36. Qd3 Rc8 37. Bh3 g6 38. Bxf5 gxf5 39. Rb5 f4 40. Rxa5 fxg3 41. Qxg3+ Kh8 42. Qe5 Qxe5 43. Rxe5 Rxc3 44. Re1 Rd3 45. Ra1 Rxd4 46. a4 Rg4+ 47. Kf1 Rxh4 48. Ke2 Rh6 49. a5 Ra6 50. Kd3 h5 51. Kc4 Kg7 52. Kb5 Ra8 53. a6 Kg6 54. Kb6 Kg5 55. Kb7 Re8 56. a7 Kg4 57. a8Q Rxa8 58. Rxa8 f5 59. Kc6 Kf3 60. Rf8 f4 61. Kd5 h4 62. Kd4 Kxf2 63. Rxf4+ Kg3 64. Ke3 h3 65. Rf3+ Kg2 66. Rf2+ Kg3 67. Rf3+ Kg2 68. Rf2+ Kg3 69. Rf8 Kg2 70. Rg8+ Kf1 71. Rf8+ Kg2 72. Rg8+ Kf1 73. Rh8 Kg2 74. Ke2 h2 75. Rg8+ Kh1 76. Rb8 Kg2 77. Rg8+ Kh1 78. Rf8 Kg1 79. Rf1+ Kg2 80. Rf2+ Kg1 81. Rf1+ Kg2 82. Rf7 Kg1 83. Rf5 h1Q 84. Rg5+ Qg2+ 85. Rxg2+ Kxg2 1/2-1/2

[Event "Pan American-ch U18"]
[Site "Guayaquil"]
[Date "2019.07.24"]
[Round "6"]
[White "Gomez Huaraya, Jesus Miguel"]
[Black "Reyes Mendoza, Marcelo"]
[Result "0-1"]
[WhiteElo "2060"]
[BlackElo "2045"]
[PlyCount "125"]
[EventDate "2019.07.21"]
[EventType "swiss"]
[EventRounds "9"]
[EventCountry "ECU"]
[SourceTitle "EXT 2020"]
[Source "ChessBase"]
[SourceDate "2019.10.17"]
[SourceVersion "1"]
[SourceVersionDate "2019.10.17"]
[SourceQuality "1"]

1. d4 e6 2. c4 Nf6 3. Nf3 Bb4+ 4. Nbd2 b6 5. g3 Bb7 6. Bg2 0-0 7. 0-0 d6 8. Nb3 d5 9. c5 bxc5 10. a3 c4 11. axb4 cxb3 12. Qxb3 Qd6 13. Bf4 Qb6 14. Qa4 Ba6 15. Rfe1 Bb5 16. Qa3 Rc8 17. Bd2 Nc6 18. Bc3 Ne4 19. e3 Nxc3 20. Qxc3 Ba6 21. Ra4 Bb5 22. Ra3 h6 23. Nd2 Rab8 24. Rc1 a6 25. h3 Na7 26. b3 Be2 27. Ra4 Nb5 28. Qc5 Nd6 29. f3 Bb5 30. Ra3 Bd3 31. Ra4 Bb5 32. Ra2 Bd3 33. Qc3 Bb5 34. Kf2 Nf5 35. f4 Ne7 36. Qc5 Nc6 37. Rc3 f6 38. Bf3 g6 39. Ra1 Kf7 40. Ra5 Ne7 41. g4 Qd6 42. Be2 g5 43. Qxd6 cxd6 44. Rxc8 Nxc8 45. fxg5 hxg5 46. Bxb5 axb5 47. Nb1 Rb7 48. Nc3 Na7 49. Ke2 Ke7 50. Kd2 Kd8 51. Ra6 Kd7 52. e4 Nc6 53. exd5 exd5 54. Nxd5 Ke6 55. Nc3 Nxd4 56. Ne4 Rh7 57. Nxd6 Nxb3+ 58. Kc2 Nd4+ 59. Kd3 Nf3 60. Ke3 Rd7 61. Kxf3 Rxd6 62. Rxd6+ Kxd6 63. Ke4 0-1

[Event "Pan American-ch U18"]
[Site "Guayaquil"]
[Date "2019.07.24"]
[Round "5"]
[White "Reyes Mendoza, Marcelo"]
[Black "Zambrano Acebo, Jean Carlos"]
[Result "0-1"]
[WhiteElo "2045"]
[BlackElo "2202"]
[PlyCount "100"]
[EventDate "2019.07.21"]
[EventType "swiss"]
[EventRounds "9"]
[EventCountry "ECU"]
[SourceTitle "EXT 2020"]
[Source "ChessBase"]
[SourceDate "2019.10.17"]
[SourceVersion "1"]
[SourceVersionDate "2019.10.17"]
[SourceQuality "1"]

1. d4 Nf6 2. Bf4 c5 3. e3 d5 4. c3 Nc6 5. Nd2 e6 6. Ngf3 Bd6 7. Bg3 0-0 8. Bd3 b6 9. Ne5 Bb7 10. Nxc6 Bxc6 11. Qf3 Re8 12. Be5 Rc8 13. Qg3 Bxe5 14. dxe5 Ne4 15. Bxe4 dxe4 16. Nc4 Qd3 17. Nd6 Red8 18. Rd1 Qc2 19. 0-0 Rb8 20. Rb1 Rd7 21. Rfc1 Qe2 22. h4 Rbd8 23. Qf4 h6 24. Re1 Qc2 25. h5 Bd5 26. Rec1 Qe2 27. c4 Bc6 28. Qh4 f6 29. Re1 Qc2 30. Qg4 fxe5 31. Qxe6+ Kh7 32. Nf7 Rf8 33. Qg6+ Kg8 34. Nxh6+ Kh8 35. Ng4 Bb7 36. b3 Rdf7 37. Rf1 Bc8 38. h6 Bxg4 39. Qxg4 gxh6 40. Qd1 Qxa2 41. Ra1 Qb2 42. Rb1 Qa2 43. Ra1 Qb2 44. Rb1 Qc3 45. Qd6 Rf6 46. Qd7 Qd3 47. Qxa7 Rxf2 48. Rfd1 Qxe3 49. Re1 Rxg2+ 50. Kxg2 Rf2+ 0-1

[Event "Pan American-ch U18"]
[Site "Guayaquil"]
[Date "2019.07.23"]
[Round "4"]
[White "Avila Pavas, Santiago"]
[Black "Reyes Mendoza, Marcelo"]
[Result "0-1"]
[WhiteElo "2411"]
[BlackElo "2045"]
[PlyCount "78"]
[EventDate "2019.07.21"]
[EventType "swiss"]
[EventRounds "9"]
[EventCountry "ECU"]
[SourceTitle "EXT 2020"]
[Source "ChessBase"]
[SourceDate "2019.10.17"]
[SourceVersion "1"]
[SourceVersionDate "2019.10.17"]
[SourceQuality "1"]

1. e4 e5 2. Nf3 Nc6 3. Bc4 Bc5 4. 0-0 Nf6 5. d3 0-0 6. Re1 h6 7. h3 Re8 8. a4 a6 9. c3 d6 10. Nbd2 Ba7 11. a5 Be6 12. Bxe6 Rxe6 13. Qb3 Rb8 14. Ra4 d5 15. exd5 Nxd5 16. Nc4 Qe7 17. Ne3 Nf4 18. Nf5 Qf6 19. Bxf4 Qxf5 20. Be3 Bxe3 21. Rxe3 Rd6 22. Rae4 Rxd3 23. Rxd3 Qxe4 24. Rd7 Qb1+ 25. Kh2 Qf5 26. Qd5 Qf6 27. b4 Re8 28. Kg1 e4 29. Nd2 e3 30. fxe3 Rxe3 31. Nf3 Rxc3 32. Qe4 g6 33. Nd2 Kg7 34. Nf3 Rb3 35. Rxc7 Rxb4 36. Qd3 Nd4 37. Nd2 Qe5 38. Rd7 Ne2+ 39. Kf1 Nf4 0-1

[Event "Lebu op 7th"]
[Site "Lebu"]
[Date "2018.03.31"]
[Round "4.7"]
[White "Reyes Mendoza, Marcelo"]
[Black "Altamirano, Rene"]
[Result "1-0"]
[WhiteElo "1640"]
[BlackElo "1906"]
[PlyCount "67"]
[EventDate "2018.03.30"]
[EventType "swiss"]
[EventRounds "5"]
[EventCountry "CHI"]
[SourceTitle "EXT 2024"]
[Source "ChessBase"]
[SourceDate "2023.10.10"]
[SourceVersion "1"]
[SourceVersionDate "2023.10.10"]
[SourceQuality "1"]

1. d4 Nf6 2. Bf4 e6 3. e3 c5 4. c3 Be7 5. Nd2 Nc6 6. Bd3 b6 7. Ngf3 Bb7 8. h3 d5 9. Qe2 0-0 10. Ne5 Rc8 11. Qf3 a6 12. g4 g6 13. h4 Nxe5 14. dxe5 Ne8 15. g5 Rc7 16. h5 d4 17. Be4 Bxe4 18. Nxe4 Qd5 19. 0-0-0 Qxa2 20. Nf6+ Bxf6 21. gxf6 dxc3 22. bxc3 Qa3+ 23. Kd2 Rd7+ 24. Ke1 Qxc3+ 25. Kf1 Rxd1+ 26. Qxd1 Qc4+ 27. Ke1 Qd5 28. Qxd5 exd5 29. Bh6 Nc7 30. Bxf8 Kxf8 31. hxg6 fxg6 32. Rxh7 Ne6 33. Re7 Nd8 34. Rd7 1-0

[Event "Lebu op 7th"]
[Site "Lebu"]
[Date "2018.03.30"]
[Round "1.3"]
[White "Vergara Jofre, Felipe Andres"]
[Black "Reyes Mendoza, Marcelo"]
[Result "1-0"]
[WhiteElo "2255"]
[BlackElo "1640"]
[PlyCount "63"]
[EventDate "2018.03.30"]
[EventType "swiss"]
[EventRounds "5"]
[EventCountry "CHI"]
[SourceTitle "EXT 2024"]
[Source "ChessBase"]
[SourceDate "2023.10.10"]
[SourceVersion "1"]
[SourceVersionDate "2023.10.10"]
[SourceQuality "1"]

1. e4 e6 2. d4 d5 3. e5 c5 4. c3 Nc6 5. Nf3 Qb6 6. a3 Nh6 7. b4 cxd4 8. cxd4 Nf5 9. Bb2 Be7 10. h4 f6 11. g4 fxe5 12. gxf5 e4 13. Ne5 Nxe5 14. dxe5 Rf8 15. Bd4 Qd8 16. Qh5+ Kd7 17. fxe6+ Kc7 18. Bh3 h6 19. Rg1 e3 20. Rxg7 exf2+ 21. Bxf2 Kb8 22. Rxe7 Rxf2 23. Re8 Qb6 24. Rxc8+ Kxc8 25. Qe8+ Kc7 26. Qd7+ Kb8 27. Qd6+ Qxd6 28. exd6 Rf4 29. e7 Re4+ 30. Kf2 b6 31. d7 Kc7 32. Nc3 1-0